Ahmad The Guided One: (Record no. 190968)

MARC details
000 -LEADER
fixed length control field 00606nam a22001817a 4500
005 - DATE AND TIME OF LATEST TRANSACTION
control field 20220816152210.0
010 ## - LCCN (DPL NO)
LC control number ENG-134391
020 ## - INTERNATIONAL STANDARD BOOK NUMBER
International Standard Book Number 9788179122259
Terms of availability 250.00
035 ## - SYSTEM CONTROL NUMBER
System control number EN-117923
037 ## - SOURCE OF ACQUISITION
Source of stock number/acquisition DBAD/PUB
082 ## - DEWEY DECIMAL CLASSIFICATION NUMBER
Classification number 297.86092
100 ## - MAIN ENTRY--PERSONAL NAME
Personal name Adamson, Iain
245 ## - TITLE STATEMENT
Title Ahmad The Guided One:
Remainder of title A Life Of The Holy Founder Of The Movement To Unite All Religions/
Statement of responsibility, etc lain Adamson
260 ## - PUBLICATION, DISTRIBUTION, ETC. (IMPRINT)
Place of publication, distribution, etc Surrey
Name of publisher, distributor, etc Islam International Publications Ltd
Date of publication, distribution, etc 2009
270 ## - ADDRESS
Address Islamabad, Sheephatch Lane Tilford, Farnham
City Surrey
300 ## - PHYSICAL DESCRIPTION
Extent 371p.
Dimensions 22cm(hb)
942 ## - ADDED ENTRY ELEMENTS (KOHA)
Source of classification or shelving scheme Dewey Decimal Classification
Item type English Books
Classification part 297.86092
Call number suffix ADA
Holdings
Withdrawn status Lost status Not for loan Collection code Home library Current library Date acquired Source of acquisition Cost, normal purchase price Full call number Barcode Copy number Cost, replacement price Koha item type
      Non-fiction Ashok Vihar Ashok Vihar 16/08/2022 DBAD/PUB 250.00 297.86092 ADA EN-117923 1 250.00 English Books

© Delhi Public Library
Hit Counter
free hit counter